000 00913nam0a2200289 4500
001 RU\NLR\BIBL_A\022460100
005 20250806203355.0
035 _a(NLR Aleph) 022460100
090 _a83328
_c83328
100 _a20250217d1945 m y0rusy50 ca
101 0 _auzb
102 _aUZ
105 _ay z 000 y
181 0 _ai
_baxxe
182 0 _an
200 1 _aКекса пахтакор
_fВ. Адамович
203 _aТекст
_bвизуальный
_cнепосредственный
210 _aТошкент
_cЎздавнашр
_d1945
215 _a11, [1] с.
_d20
225 1 _aДонгдор пахтакорлар
541 1 _aСтарейший хлопкороб
_zrus
700 1 _aАдамович
_bВ.
_4070
852 _aNLR
_bОНЛ
_jУзбек./2-3725
942 _cBOOK
945 _aРоссийская национальная библиотека
980 _aBV